[Event "NM Junior Gruppe B 2002"]
[Site "Tjele"]
[Date "2002.02.16"]
[Round "5"]
[White "Egeland, Marte"]
[Black "Siljander, Juhana"]
[Result "0-1"]
[WhiteElo "1542"]
[BlackElo "1984"]
[PlyCount "72"]
[EventDate "2002.??.??"]

1. e4 e5 2. Nf3 Nc6 3. d4 exd4 4. Bc4 Nf6 5. O-O Nxe4 6. Re1 d5 7. Bxd5 Qxd5 8.
Nc3 Qa5 9. Nxe4 Be6 10. Neg5 O-O-O 11. Nxe6 fxe6 12. Rxe6 Bd6 13. Qe2 h6 14.
Bd2 Qh5 15. Re1 d3 16. cxd3 Nd4 17. Qe4 Nxe6 18. Qxe6+ Kb8 19. Qb3 g5 20. Bc3
Rhe8 21. Ne5 g4 22. d4 Ka8 23. g3 a6 24. Nf7 Rxe1+ 25. Bxe1 Rd7 26. Nxd6 Rxd6
27. Bb4 Rxd4 28. Qg8+ Ka7 29. Qb3 Qf5 30. Qe3 c5 31. Be1 Qe4 32. Qc1 Rd5 33.
Qc3 Qe2 34. b4 c4 35. Qe3+ Qxe3 36. fxe3 Rd1 0-1

[Event "NM Junior Gruppe B 2002"]
[Site "Tjele"]
[Date "2002.02.16"]
[Round "5"]
[White "Karlsson, Bjorn Ivar"]
[Black "Moller, Morten Kock"]
[Result "1-0"]
[WhiteElo "1870"]
[BlackElo "1903"]
[PlyCount "83"]
[EventDate "2002.??.??"]

1. d4 Nf6 2. Nf3 e6 3. Bg5 c5 4. e4 Qb6 5. Nc3 cxd4 6. Nxd4 Bc5 7. Be3 Nc6 8.
Na4 Qa5+ 9. c3 Bxd4 10. Bxd4 Nxd4 11. Qxd4 O-O 12. e5 Nd5 13. Bd3 b6 14. O-O
Ba6 15. Bxa6 Qxa6 16. b3 f6 17. c4 fxe5 18. Qxe5 Nf6 19. Nc3 Rac8 20. Nb5 Rc5
21. Qd4 Qb7 22. Nd6 Qc6 23. f3 a6 24. b4 Rg5 25. a4 Nh5 26. Ne4 Nf4 27. Ra2 Rg6
28. b5 axb5 29. axb5 Qc7 30. c5 bxc5 31. Qxc5 Qb8 32. b6 d5 33. Ng3 e5 34. Rb1
Rc8 35. Qa5 Rgc6 36. h3 e4 37. fxe4 dxe4 38. b7 Rc1+ 39. Rxc1 Rxc1+ 40. Kh2
Qxb7 41. Qd8+ Kf7 42. Rf2 1-0

[Event "NM Junior Gruppe B 2002"]
[Site "Tjele"]
[Date "2002.02.16"]
[Round "5"]
[White "Pedersen, Christian Kyndel"]
[Black "Tallaksen, Geir Sune"]
[Result "1/2-1/2"]
[WhiteElo "2254"]
[BlackElo "2235"]
[PlyCount "87"]
[EventDate "2002.??.??"]

1. d4 Nf6 2. c4 e6 3. Nf3 c5 4. d5 b5 5. dxe6 fxe6 6. cxb5 d5 7. e3 Bd6 8. Nc3
O-O 9. Bd3 Bb7 10. Qe2 Nbd7 11. e4 Qc7 12. b6 Qb8 13. Nb5 c4 14. bxa7 Rxa7 15.
Bc2 Bb4+ 16. Bd2 Bxd2+ 17. Nxd2 Ra5 18. a4 Ba6 19. b4 cxb3 20. Nxb3 Rxa4 21.
Rxa4 Bxb5 22. Rb4 Bxe2 23. Rxb8 Rxb8 24. Kxe2 Nxe4 25. Nd4 Rb2 26. f4 Ndc5 27.
Ke3 Kf7 28. Ra1 Nd6 29. Kf3 g6 30. g4 h6 31. h4 Nb5 32. Nxb5 Rxb5 33. Ra7+ Rb7
34. Rxb7+ Nxb7 35. Ke3 Nc5 36. Kd4 Nd7 37. g5 hxg5 38. hxg5 Nb6 39. Bd3 Nc8 40.
Ke5 Ne7 41. Bb5 Nf5 42. Bd7 Ng7 43. Kd6 Kf8 44. Ba4 1/2-1/2

[Event "NM Junior Gruppe B 2002"]
[Site "Tjele"]
[Date "2002.02.16"]
[Round "5"]
[White "Tomason, Rani"]
[Black "Semcesen, Daniel"]
[Result "0-1"]
[WhiteElo "1185"]
[BlackElo "2097"]
[PlyCount "42"]
[EventDate "2002.??.??"]

1. e4 c5 2. Nf3 Nc6 3. d4 cxd4 4. Nxd4 Nf6 5. Nc3 e5 6. Nf3 Bb4 7. Bd3 Bxc3+ 8.
bxc3 b6 9. Ba3 d6 10. O-O O-O 11. h3 Be6 12. Re1 Qc7 13. Bb5 Rfd8 14. Qe2 Ne7
15. Qd3 Ng6 16. Bc1 Rac8 17. Ba4 d5 18. Nd2 dxe4 19. Qe3 Nd5 20. Qxe4 Nxc3 21.
Qb4 Rd4 0-1

[Event "NM Junior Gruppe B 2002"]
[Site "Tjele"]
[Date "2002.02.16"]
[Round "6"]
[White "Berg, Olaf"]
[Black "Semcesen, Daniel"]
[Result "1-0"]
[WhiteElo "2055"]
[BlackElo "2097"]
[PlyCount "163"]
[EventDate "2002.??.??"]

1. e4 c5 2. f4 Nc6 3. Nf3 g6 4. Bb5 Na5 5. c3 a6 6. Ba4 b5 7. Bc2 d5 8. e5 Bg4
9. O-O e6 10. d3 h5 11. Be3 Nh6 12. h3 Nf5 13. Bf2 Bxf3 14. Qxf3 h4 15. Nd2 Be7
16. Rfd1 Nc6 17. Nf1 O-O 18. Nh2 b4 19. Rac1 bxc3 20. bxc3 Qa5 21. Bb1 Rab8 22.
Ng4 Rb2 23. Ne3 Nxe3 24. Qxe3 Rfb8 25. Qf3 Qb6 26. Qg4 d4 27. c4 Qd8 28. Be1 a5
29. g3 hxg3 30. Qxg3 Kg7 31. Qf3 R8b6 32. Bd2 a4 33. Qf1 a3 34. Rc2 Qb8 35.
Rcc1 Nb4 36. Bxb4 R6xb4 37. Qe1 Bd8 38. Bc2 Rxa2 39. Rd2 Rbb2 40. Rg2 Qb4 41.
Qf2 Rb3 42. f5 Qb7 43. fxg6 Rxc2 44. Rxc2 f5 45. Qe2 Rb1+ 46. Kh2 Bc7 47. Rg1
Rb2 48. Rxb2 Qxb2 49. Qxb2 axb2 50. Rb1 Bxe5+ 51. Kg2 Kxg6 52. Rxb2 Bf6 53. Kf3
e5 54. Rg2+ Kf7 55. Ra2 Kg6 56. Ra5 Be7 57. Ra6+ Kf7 58. Rc6 Bf8 59. h4 Be7 60.
h5 Bg5 61. Rxc5 Bf4 62. Rc6 Bg5 63. Rg6 Bc1 64. c5 e4+ 65. dxe4 d3 66. exf5 Bb2
67. Ke3 d2 68. Kxd2 Bd4 69. c6 Be5 70. h6 Bf4+ 71. Kd3 Be5 72. c7 Bxc7 73. Rg7+
Kf6 74. Rxc7 Ke5 75. h7 Kf4 76. f6 Ke5 77. f7 Kd6 78. f8=Q+ Ke6 79. Qe7+ Kf5
80. Rc5+ Kg4 81. Rg5+ Kh4 82. h8=Q# 1-0

[Event "NM Junior Gruppe B 2002"]
[Site "Tjele"]
[Date "2002.02.16"]
[Round "6"]
[White "Karlsson, Bjorn Ivar"]
[Black "Siljander, Juhana"]
[Result "0-1"]
[WhiteElo "1870"]
[BlackElo "1984"]
[PlyCount "100"]
[EventDate "2002.??.??"]

1. d4 Nf6 2. Nf3 g6 3. Bg5 Bg7 4. Nbd2 O-O 5. c3 d6 6. e4 Nbd7 7. Bd3 e5 8. O-O
Re8 9. Re1 c6 10. a4 Qc7 11. dxe5 Nxe5 12. Nxe5 dxe5 13. h3 Be6 14. Qc2 Rad8
15. Bf1 h6 16. Be3 b6 17. b4 Nh7 18. a5 b5 19. Nb3 f5 20. Nc5 Bc8 21. c4 f4 22.
Bc1 a6 23. Bb2 Ng5 24. cxb5 cxb5 25. Rac1 Qe7 26. Qb3+ Kh7 27. Rcd1 f3 28. h4
fxg2 29. Bxg2 Ne6 30. Nxe6 Bxe6 31. Qg3 Qxb4 32. Bxe5 Bxe5 33. Qxe5 Qxa5 34.
Qf6 Rxd1 35. Rxd1 Qc7 36. Ra1 a5 37. e5 a4 38. f4 Qf7 39. Qxf7+ Bxf7 40. Bc6
Rb8 41. Kf2 Be8 42. Be4 h5 43. Bc2 Rc8 44. Bd3 b4 45. Ke3 a3 46. Kd2 Bf7 47. f5
Be8 48. f6 Bf7 49. Bc2 a2 50. Rg1 b3 0-1

[Event "NM Junior Gruppe B 2002"]
[Site "Tjele"]
[Date "2002.02.16"]
[Round "6"]
[White "Pedersen, Christian Kyndel"]
[Black "Tikkanen, Hans"]
[Result "1/2-1/2"]
[WhiteElo "2254"]
[BlackElo "2263"]
[PlyCount "47"]
[EventDate "2002.??.??"]

1. d4 Nf6 2. c4 e6 3. Nf3 b6 4. a3 Ba6 5. Qc2 Bb7 6. Nc3 c5 7. e4 cxd4 8. Nxd4
d6 9. Be2 Be7 10. O-O O-O 11. Rd1 Nbd7 12. Be3 a6 13. f3 Qc7 14. Rac1 Rfc8 15.
Bf1 Bf8 16. Qf2 Rab8 17. b4 Ne5 18. Na4 Ned7 19. Nb3 Bc6 20. Nc3 Ba8 21. Kh1 h6
22. Qd2 Ne5 23. Na4 Bc6 24. Nc3 1/2-1/2

[Event "NM Junior Gruppe B 2002"]
[Site "Tjele"]
[Date "2002.02.16"]
[Round "6"]
[White "Tallaksen, Geir Sune"]
[Black "Wiwe, Andreas"]
[Result "1-0"]
[WhiteElo "2235"]
[BlackElo "1930"]
[PlyCount "65"]
[EventDate "2002.??.??"]

1. d4 Nf6 2. c4 e6 3. Nf3 b6 4. a3 Bb7 5. Nc3 Ne4 6. Nxe4 Bxe4 7. Nd2 Bb7 8. e4
c5 9. d5 e5 10. g3 d6 11. Bg2 Be7 12. b4 Nd7 13. Bb2 h5 14. h4 Nf6 15. bxc5
bxc5 16. Rb1 Bc8 17. Bc3 O-O 18. O-O g5 19. hxg5 Ng4 20. f4 Kh7 21. Qe2 f6 22.
gxf6 Bxf6 23. fxe5 dxe5 24. Nf3 Ba6 25. Bxe5 h4 26. Bxf6 Qxf6 27. gxh4 Kh8 28.
Bh3 Rg8 29. Ng5 Qd4+ 30. Kh1 Nf6 31. Rxf6 Qxf6 32. Qh5+ Kg7 33. Ne6+ 1-0

[Event "NM Junior Gruppe B 2002"]
[Site "Tjele"]
[Date "2002.02.16"]
[Round "6"]
[White "Tomason, Rani"]
[Black "Moller, Morten Kock"]
[Result "0-1"]
[WhiteElo "1185"]
[BlackElo "1903"]
[PlyCount "56"]
[EventDate "2002.??.??"]

1. e4 e5 2. Nf3 Nc6 3. Bc4 Nf6 4. d3 Be7 5. Nc3 d6 6. h3 O-O 7. Be3 a6 8. Qd2
Kh8 9. O-O Na5 10. Bb3 Nxb3 11. axb3 c5 12. Rfd1 Ne8 13. Nd5 f5 14. exf5 Bxf5
15. b4 Bxh3 16. gxh3 Rxf3 17. Kg2 Rf8 18. bxc5 dxc5 19. Nxe7 Qxe7 20. Rg1 Rc8
21. b3 Nd6 22. Ra4 Nf5 23. Bg5 Qe6 24. Rg4 Qd5+ 25. Kh2 Nd4 26. Qe3 Nf3+ 27.
Kh1 Nxg5+ 28. R1g2 Ne6 0-1

[Event "NM Junior Gruppe B 2002"]
[Site "Tjele"]
[Date "2002.02.16"]
[Round "6"]
[White "Valgardsson, Gudjon Heidar"]
[Black "Egeland, Marte"]
[Result "0-1"]
[WhiteElo "2046"]
[BlackElo "1542"]
[PlyCount "65"]
[EventDate "2002.??.??"]

1. e4 d5 2. exd5 Nf6 3. d4 Nxd5 4. c4 Nb6 5. Nc3 e5 6. d5 Bc5 7. Bd3 O-O 8. Qc2
f5 9. g4 e4 10. Bf1 fxg4 11. Nxe4 Bf5 12. Bd3 Bxe4 13. Bxe4 Qh4 14. h3 Rxf2 15.
Bg5 Bb4+ 16. Kd1 Rf1+ 17. Ke2 Qf2+ 18. Kd3 Qxc2+ 19. Kxc2 Rxa1 20. hxg4 h6 21.
Bc1 Nxc4 22. Nf3 Ne3+ 23. Kb3 Bd6 24. g5 Nd7 25. Bg6 Nc5+ 26. Kc3 Nxd5+ 27. Kd4
Nf4 28. gxh6 gxh6 29. Rxh6 Rxc1 30. Bf5 Rd8 31. Ke3 Re8+ 32. Kd4 Nce6+ 33.
Bxe6+ 0-1